Guess the Mystery Song from the Lyrics #1 - Statistics

General Stats
  • This quiz has been taken 40 times
  • The average score is 112 of 307
Answer Stats
Lyrics % Correct
I
100%
a
92%
you
88%
He
80%
it
80%
me
80%
the
76%
The
76%
She
72%
she
72%
my
68%
was
68%
And
64%
and
64%
in
64%
on
64%
then
64%
to
64%
To
64%
don't
60%
what
60%
for
56%
her
56%
know
52%
could
48%
I'm
48%
say
48%
they
48%
up
48%
as
44%
As
44%
by
44%
By
44%
girl
44%
if
44%
but
40%
But
40%
his
40%
of
40%
one
40%
said
40%
with
40%
boy
36%
got
36%
She's
32%
she's
32%
shoes
32%
ta
32%
Ta
32%
would
32%
because
28%
take
28%
that's
28%
way
28%
yeah
28%
into
24%
mean
24%
their
24%
try
24%
about
20%
here
20%
these
20%
car
16%
knows
16%
makes
16%
ooh
16%
Sing
16%
taken
16%
Well
16%
granted
12%
He's
12%
hide
12%
our
12%
please
12%
rich
12%
soles
12%
talking
12%
Talking
12%
you've
12%
crazy
8%
dancing
8%
diamonds
8%
Diamonds
8%
Diamonds on the Soles of Her Shoes - Paul Simon
8%
everybody
8%
exactly
8%
keys
8%
lights
8%
na
8%
nothing
8%
People
8%
pocket
8%
poor
8%
slipped
8%
aftershave
4%
blues
4%
bodegas
4%
Broadway
4%
changes
4%
clothes
4%
compensate
4%
doorway
4%
empty
4%
ended
4%
forgotten
4%
Honey
4%
lose
4%
ordinary
4%
physically
4%
puts
4%
sign
4%
sleeping
4%
teaspoon
4%
Upper
4%
walking
4%
wave
4%
Wearing
4%
No matching quizzes found
Score Distribution
Percent of People with Each Score
Percentile by Number Answered
Your Score History
You have not taken this quiz